[Event "Friend Play"]
[Site "http://www.queenalice.com/game.php?id=144945"]
[Date "2006.12.22"]
[Round "-"]
[White "michel_spricigo"]
[Black "mescaline"]
[Result "0-1"]
[WhiteElo "1367"]
[BlackElo "1367"]

1. e4 e5 2. Nf3 Nf6 3. Nc3 Bb4 4. a3 Bxc3 5. dxc3 Nxe4 6. Qd5 Nf6 7. Qxe5+ Qe7
8. Qxe7+ Kxe7 9. Bf4 Nd5 10. Be5 f6 11. Bg3 Re8 12. O-O-O c6 13. c4 Nb6 14. Re1+
Kf7 15. Bd3 h6 16. Re2 Re6 17. Rhe1 d6 18. Bf5 Rxe2 19. Bxc8 Rxe1+ 20. Nxe1 Nxc8
21. f4 Nd7 22. Nf3 Ncb6 23. b3 Re8 24. Bf2 Re2 25. Bxb6 Nxb6 26. g4 Rf2 27. Nd2
Rxf4 28. a4 Rxg4 29. a5 Nd7 30. b4 f5 31. Kd1 f4 32. Ke1 Ne5 33. Kf2 f3 34. Nxf3
Rf4 35. Ke3 Rxf3+ 36. Ke4 Ke6 37. h4 d5+ 38. Kd4 Nxc4 39. Kc5 Rf4 40. h5 Nb2 41.
b5 Na4# 0-1

[Event "denaultj"]
[Site "http://www.queenalice.com/game.php?id=147002"]
[Date "2006.12.27"]
[Round "-"]
[White "leclair"]
[Black "mescaline"]
[Result "0-1"]
[WhiteElo "1475"]
[BlackElo "1522"]

1. e4 e5 2. Nf3 Nc6 3. d4 exd4 4. Bc4 Bd6 5. c3 Qe7 6. O-O Nf6 7. Bg5 Be5 8.
cxd4 Bd6 9. e5 Bxe5 10. dxe5 Nxe5 11. Nxe5 Qxe5 12. Bxf6 Qxf6 13. Re1+ Kd8 14.
Nc3 d6 15. Nd5 Qxb2 16. Rc1 Qa3 17. Nxc7 Kxc7 18. Be6+ Kd8 19. Bxf7 Bd7 20. Qd2
h6 21. Qd4 Rh7 22. Qe4 d5 23. Qxh7 Qf8 24. Bxd5 Rc8 25. Bxb7 Rxc1 26. Rxc1 Bf5
27. Rc8+ Bxc8 28. Qd3+ Bd7 29. Bc6 Qe7 30. Qxd7+ Qxd7 31. Bxd7 Kxd7 32. Kf1 Kc6
0-1

[Event "Challenge"]
[Site "http://www.queenalice.com/game.php?id=147027"]
[Date "2006.12.27"]
[Round "-"]
[White "mescaline"]
[Black "nunoalmeida"]
[Result "1-0"]
[WhiteElo "1499"]
[BlackElo "1420"]

1. d4 d6 2. e4 Nf6 3. Nc3 Bg4 4. Be2 h5 5. Bg5 Nc6 6. h3 Be6 7. d5 Bxd5 8. Nxd5
Nxd5 9. Qxd5 Qd7 10. Bd2 O-O-O 11. Bb5 e6 12. Qb3 a6 13. Qa4 axb5 14. Qxb5 Nd4
15. Qc4 Nb5 16. Nf3 d5 17. Qa4 c6 18. O-O-O dxe4 19. Qa8+ Kc7 20. Ba5+ b6 21.
Rxd7+ Rxd7 22. Ne5 Rd8 23. Qxc6+ 1-0

[Event "Let's Play Chess!"]
[Site "http://www.queenalice.com/game.php?id=147045"]
[Date "2006.12.27"]
[Round "-"]
[White "mescaline"]
[Black "Majnu"]
[Result "1-0"]
[WhiteElo "1300"]
[BlackElo "1100"]

1. d4 Nf6 2. g3 e6 3. Nf3 c5 4. Bg2 Nc6 5. O-O cxd4 6. Nxd4 a6 7. Be3 Be7 8. c3
d5 9. Qa4 Bd7 10. Qc2 Rc8 11. Qb3 b5 12. Qd1 O-O 13. Qd3 Ne5 14. Qc2 Nc4 15. Bf4
e5 16. b3 exd4 17. bxc4 Rxc4 18. Nd2 Rxc3 19. Qb2 Bf5 20. Nb3 Rc2 21. Qxd4 Rxe2
22. Nc5 Ne4 23. Nxe4 Bxe4 24. Bh3 Bf6 25. Be5 Bxe5 26. Qxe5 Re8 27. Qh5 Bg6 28.
Qf3 Qg5 29. Rac1 Rxa2 30. Rfe1 Rxe1+ 31. Rxe1 Be4 32. Qc3 Rc2 33. Qxc2 Qd8 34.
Qd2 f5 35. Bg2 Qb6 36. Bxe4 dxe4 37. Qd5+ 1-0

[Event "Challenge"]
[Site "http://www.queenalice.com/game.php?id=149601"]
[Date "2007.1.3"]
[Round "-"]
[White "mescaline"]
[Black "technicaldraw"]
[Result "0-1"]
[WhiteElo "1467"]
[BlackElo "1724"]

1. d4 Nf6 2. Nc3 d5 3. Bf4 g6 4. Nf3 c6 5. g3 Bg7 6. Qd3 Na6 7. a3 Nc7 8. O-O-O
Ng4 9. Be3 Bf5 10. Qd2 Nxe3 11. Qxe3 h5 12. h4 Bh6 13. Ng5 f6 14. f4 fxg5 15.
hxg5 Bg7 16. Bh3 Bxh3 17. Rxh3 Qd7 18. Rdh1 O-O-O 19. Qd3 Qe8 20. e3 Qf7 21. Re1
Qf5 22. Qxf5+ gxf5 23. Reh1 Nb5 24. Na4 b6 25. Kb1 Nd6 26. b4 Nc4 27. Ka2 Nxe3
28. Re1 Nxc2 29. Rxe7 Rd7 30. Re6 Nxd4 31. Re3 Nb5 32. Rd3 Nd6 33. Nc3 Bxc3 34.
Rxc3 Kc7 35. a4 Ne4 36. Ra3 d4 37. b5 c5 38. a5 d3 39. axb6+ Kxb6 40. Rh1 d2 0-1

[Event "Game 2"]
[Site "http://www.queenalice.com/game.php?id=150318"]
[Date "2007.1.5"]
[Round "-"]
[White "mescaline"]
[Black "michel_spricigo"]
[Result "1-0"]
[WhiteElo "1513"]
[BlackElo "1323"]

1. d4 d5 2. c4 Nf6 3. Nc3 e6 4. Nf3 c6 5. Bf4 Be7 6. e3 O-O 7. c5 Nbd7 8. Bd3 b5
9. O-O Nh5 10. Bg5 Nhf6 11. b4 h6 12. Bf4 Nb8 13. Be5 Nbd7 14. a4 Nxe5 15. Nxe5
Bb7 16. axb5 Qc7 17. Ra5 cxb5 18. Nxb5 Qb8 19. Qc2 Kh8 20. Rc1 a6 21. c6 Bc8 22.
Qa4 Qb6 23. Nc3 Bxb4 24. Rb1 Qxa5 25. Rxb4 Qxa4 26. Rxa4 Ne8 27. e4 dxe4 28.
Bxe4 Rb8 29. g3 Nc7 30. Ra5 Rd8 31. Nxf7+ Kg8 32. Nxd8 Nb5 33. Nxb5 axb5 34. Nb7
b4 35. c7 Rxb7 36. Bxb7 Bxb7 37. Rb5 Ba6 38. Rxb4 1-0

[Event "Challenge"]
[Site "http://www.queenalice.com/game.php?id=154141"]
[Date "2007.1.15"]
[Round "-"]
[White "mescaline"]
[Black "Henry"]
[Result "1-0"]
[WhiteElo "1501"]
[BlackElo "1388"]

1. d4 d5 2. c4 Nf6 3. Nc3 e6 4. Nf3 Bb4 5. Bg5 Bxc3+ 6. bxc3 h6 7. Bxf6 Qxf6 8.
cxd5 exd5 9. e3 Bg4 10. Be2 O-O 11. Qb3 Qc6 12. Ne5 Qd6 13. Bxg4 b6 14. Bf3 c6
15. O-O Nd7 16. Nxd7 Qxd7 17. c4 Rad8 18. Rab1 dxc4 19. Qxc4 b5 20. Qc5 a5 21.
a4 g5 22. Bxc6 Qc7 23. axb5 a4 24. b6 1-0

[Event "Challenge"]
[Site "http://www.queenalice.com/game.php?id=154143"]
[Date "2007.1.15"]
[Round "-"]
[White "Kratos"]
[Black "mescaline"]
[Result "0-1"]
[WhiteElo "1476"]
[BlackElo "1438"]

1. Nc3 e5 2. Nf3 Nc6 3. e4 f5 4. exf5 Nf6 5. Bc4 d5 6. Bb5 Bd7 7. O-O Bd6 8. Bd3
e4 9. Qe2 Bxf5 10. Bb5 O-O 11. Nh4 Ng4 12. Nxf5 Bxh2+ 13. Kh1 Qg5 14. Ne3 Nce5
15. d4 Bf4 16. Ncxd5 Qh4+ 17. Kg1 Qh2# 0-1

[Event "Revenge"]
[Site "http://www.queenalice.com/game.php?id=154149"]
[Date "2007.1.15"]
[Round "-"]
[White "TheAlchemist"]
[Black "mescaline"]
[Result "1-0"]
[WhiteElo "2041"]
[BlackElo "1438"]

1. e4 e5 2. Nf3 Nc6 3. Bc4 Nf6 4. d4 Bd6 5. Nc3 a6 6. Bb3 Qe7 7. dxe5 Nxe5 8.
Nd4 g6 9. Bg5 Bc5 10. Nd5 Qd6 11. Nxf6+ Kf8 12. Bh6+ Ke7 13. Nd5+ Ke8 14. f4
Bxd4 15. Qxd4 Nc6 16. Qxh8+ Qf8 17. Qxf8# 1-0

[Event "Challenge"]
[Site "http://www.queenalice.com/game.php?id=154675"]
[Date "2007.1.16"]
[Round "-"]
[White "danco69"]
[Black "mescaline"]
[Result "0-1"]
[WhiteElo "1422"]
[BlackElo "1493"]

1. e4 e5 2. d4 exd4 3. Qxd4 Nc6 4. Qd1 Nf6 5. Bg5 Qe7 6. Bd3 d6 7. Ne2 Qe5 8.
Bxf6 Qxf6 9. Bb5 Qxb2 10. Nd2 Qxb5 11. O-O Be7 12. c3 Bf6 13. Nd4 Qg5 14. Nxc6
Bxc3 15. Rc1 Bxd2 16. Rc2 Bf4 17. Nd4 Bd7 18. Rxc7 d5 19. Rc3 dxe4 20. h3 Bxh3
21. Rxh3 Rd8 22. Qa4+ Rd7 23. Qxa7 Rxd4 24. Qa8+ Rd8 25. Qxb7 e3 26. fxe3 Bxe3+
27. Kh2 O-O 28. Qf3 Bc5 29. Qh5 Qxh5 30. Rxh5 Be3 31. Rf3 g6 32. Rh4 Rfe8 33.
Rhh3 Bg5 34. Rd3 Re1 35. Rxd8+ Bxd8 36. Ra3 Bc7+ 37. Kh3 f5 38. Ra8+ Kg7 39. Ra7
Rh1# 0-1

[Event "AUTO-OPEN-529"]
[Site "http://www.queenalice.com/game.php?id=158474"]
[Date "2007.1.24"]
[Round "1"]
[White "mescaline"]
[Black "gabrielbrenner"]
[Result "0-1"]
[WhiteElo "1526"]
[BlackElo "1577"]

1. e4 e5 2. Nf3 Nc6 3. Bb5 a6 4. Bxc6 dxc6 5. d4 exd4 6. Qd3 c5 7. Bg5 Be7 8. h4
Bxg5 9. Nxg5 h6 10. Nf3 Ne7 11. Nbd2 O-O 12. e5 Bf5 13. Ne4 Qd5 14. Nfd2 Kh8 15.
f3 Nc6 16. a3 Nxe5 17. Qe2 Rae8 18. g4 Bh7 19. b3 f5 20. f4 fxe4 21. fxe5 Rxe5
22. O-O-O e3 23. Nc4 Re6 24. a4 Rf2 25. Qe1 Rxc2+ 0-1

[Event "AUTO-OPEN-529"]
[Site "http://www.queenalice.com/game.php?id=158475"]
[Date "2007.1.24"]
[Round "1"]
[White "gabrielbrenner"]
[Black "mescaline"]
[Result "1-0"]
[WhiteElo "1537"]
[BlackElo "1559"]

1. e4 Nc6 2. Nf3 e5 3. Bc4 Nf6 4. Nc3 Bb4 5. O-O O-O 6. d3 Bxc3 7. bxc3 d6 8.
Bg5 a6 9. Rb1 b5 10. Bb3 b4 11. cxb4 Nd4 12. Nxd4 exd4 13. Qf3 a5 14. bxa5 Rxa5
15. Bxf6 gxf6 16. h4 Kh8 17. h5 h6 18. Qf4 Rxh5 19. f3 Rg8 20. Kf2 c5 21. Bxf7
Rg7 22. Bxh5 1-0

[Event "AUTO-OPEN-529"]
[Site "http://www.queenalice.com/game.php?id=158476"]
[Date "2007.1.24"]
[Round "1"]
[White "mescaline"]
[Black "tche_elvio"]
[Result "1-0"]
[WhiteElo "1520"]
[BlackElo "1544"]

1. Nf3 d5 2. g3 Nc6 3. d4 e6 4. Bg2 Be7 5. b3 Bb4+ 6. Bd2 Bxd2+ 7. Qxd2 Qe7 8.
Qd3 Bd7 9. Nc3 Qb4 10. O-O O-O-O 11. a3 Qb6 12. Rfb1 Nge7 13. b4 Nxd4 14. Qxd4
Qxd4 15. Nxd4 a6 16. a4 Nc6 17. Nxc6 Bxc6 18. b5 axb5 19. axb5 Kd7 20. bxc6+
Kxc6 21. e4 b6 22. exd5+ exd5 23. Rd1 Kc5 24. Nxd5 c6 25. Nc7 Rxd1+ 26. Rxd1 b5
27. Na6+ Kb6 28. Nb4 f5 29. Bxc6 g5 30. Rd5 Ka5 31. Rxb5+ Ka4 32. Rb8+ Ka5 33.
Rxh8 Kxb4 34. Rd8 h5 35. Kf1 Kc3 36. Rd3+ Kxc2 37. Ke2 f4 38. Ba4+ Kb2 39. Kd2
g4 40. Rb3+ Ka1 41. Kc2 fxg3 42. Ra3# 1-0

[Event "AUTO-OPEN-529"]
[Site "http://www.queenalice.com/game.php?id=158477"]
[Date "2007.1.24"]
[Round "1"]
[White "tche_elvio"]
[Black "mescaline"]
[Result "1-0"]
[WhiteElo "1531"]
[BlackElo "1547"]

1. e4 b6 2. Bc4 e6 3. d4 d5 4. Bb5+ Bd7 5. Nc3 Bb4 6. Qd3 Nf6 7. Bxd7+ Nfxd7 8.
e5 c5 9. Qe3 c4 10. Bd2 Nc6 11. Nf3 Qe7 12. Nb5 O-O-O 13. Nd6+ Kb8 14. Bxb4 Nxb4
15. Qc3 Nc6 16. h3 f6 17. Qe3 a6 18. c3 Rhf8 19. O-O fxe5 20. dxe5 g6 21. Nxc4
dxc4 22. Rad1 Qg7 23. Ng5 Rfe8 24. Rd6 Qxe5 25. Nf7 Qf6 26. Nxd8 Qxd8 27. Rxe6
Rxe6 28. Qxe6 Nce5 29. Qd5 Nd3 30. Qd6+ Qc7 31. Qe6 Nxb2 32. Qg8+ Ka7 33. Qxh7
Na4 34. Rd1 Nac5 35. Qxg6 Nd3 36. Qe6 N7c5 37. Qxc4 Nb2 38. Qe2 Nxd1 39. Qxd1
Na4 40. Qxa4 1-0

[Event "AUTO-OPEN-529"]
[Site "http://www.queenalice.com/game.php?id=158478"]
[Date "2007.1.24"]
[Round "1"]
[White "mescaline"]
[Black "davividal"]
[Result "0-1"]
[WhiteElo "1511"]
[BlackElo "1652"]

1. d4 Nf6 2. Nc3 d5 3. Bf4 e6 4. e3 c6 5. Bd3 Bd6 6. Qf3 O-O 7. Nge2 Qc7 8. Bg5
Nbd7 9. h4 h6 10. Qh3 e5 11. Bf5 exd4 12. exd4 Re8 13. O-O-O hxg5 14. hxg5 Kf8
15. gxf6 Nxf6 16. g4 Bxf5 17. gxf5 Ke7 18. Qg2 Rg8 19. Qg5 Rae8 20. Kb1 Kd7 21.
Rde1 Bb4 22. Qd2 Ne4 23. Qd3 Qa5 24. Ka1 Nxc3 25. bxc3 Ba3 26. Rb1 Kc8 27. c4
Rxe2 28. cxd5 Rd2 29. Qc4 Qxd5 30. Qxd5 cxd5 31. Rb3 Rxc2 32. Rxa3 a6 33. Ra5
Rd8 34. Rc5+ Rxc5 35. dxc5 f6 36. Rc1 Kc7 37. Kb2 Re8 38. Kb3 Kc6 39. Kb4 Re2
40. a4 Rxf2 41. Re1 Rf4+ 42. Ka5 Rxf5 43. Re6+ Kxc5 44. Rb6 g5 45. Rxb7 d4 46.
Rb1 d3 47. Kxa6 d2 48. a5 Re5 49. Kb7 Re1 0-1

[Event "AUTO-OPEN-529"]
[Site "http://www.queenalice.com/game.php?id=158479"]
[Date "2007.1.24"]
[Round "1"]
[White "davividal"]
[Black "mescaline"]
[Result "1-0"]
[WhiteElo "1644"]
[BlackElo "1524"]

1. e4 e5 2. Nf3 Bc5 3. Nxe5 d6 4. Nf3 f5 5. d4 Bb6 6. e5 dxe5 7. Nxe5 Bxd4 8.
Qh5+ g6 9. Nxg6 hxg6 10. Qxg6+ Kf8 11. Bg5 Nf6 12. c3 Bxf2+ 13. Kxf2 Rg8 14.
Qxf6+ Qxf6 15. Bxf6 b6 16. Nd2 Nd7 17. Bh4 Bb7 18. Re1 Re8 19. Rxe8+ Kxe8 20.
Rg1 Bc6 21. b3 Rf8 22. Bg3 Kd8 23. Bf4 Kc8 24. Bd3 Nc5 25. Be2 Ne6 26. Ba6+ Kb8
27. Be5 b5 28. c4 Nc5 29. Bxb5 Nd3+ 30. Kg3 Rg8+ 31. Kh4 Nxe5 32. Bxc6 Nxc6 33.
Nf3 Ne7 34. Ne5 Kb7 35. g4 Ng6+ 36. Nxg6 Rxg6 37. Kh5 Rg8 38. h4 f4 39. g5 1-0

[Event "Challenge"]
[Site "http://www.queenalice.com/game.php?id=167892"]
[Date "2007.2.13"]
[Round "-"]
[White "mescaline"]
[Black "Bitencourt"]
[Result "1-0"]
[WhiteElo "1522"]
[BlackElo "1154"]

1. d4 Nf6 2. c4 c6 3. Nf3 d5 4. Nc3 Bf5 5. cxd5 cxd5 6. Bg5 Ne4 7. Qd3 Nxg5 8.
Qxf5 Nxf3+ 9. Qxf3 e6 10. e4 Nc6 11. Bb5 a6 12. Bd3 Nxd4 13. Qe3 Bc5 14. O-O Nc2
15. Qxc5 Nxa1 16. exd5 Rc8 17. Qb4 Rc7 18. d6 Rd7 19. Rxa1 Rxd6 20. Rd1 Rxd3 21.
Rxd3 Qxd3 22. g3 b5 23. Ne4 Kd7 24. Nc5+ Kc7 25. Nxd3 1-0

[Event "Challenge"]
[Site "http://www.queenalice.com/game.php?id=181603"]
[Date "2007.3.14"]
[Round "-"]
[White "dasch2007"]
[Black "mescaline"]
[Result "1-0"]
[WhiteElo "1642"]
[BlackElo "1523"]

1. e3 Nf6 2. d4 d5 3. Bb5+ c6 4. Bd3 g6 5. c3 Qd6 6. Nf3 Bg7 7. Nbd2 Bg4 8. c4
Nbd7 9. c5 Qc7 10. Nb3 O-O 11. Bd2 Rab8 12. O-O b6 13. cxb6 Nxb6 14. Nc5 Qc8 15.
Ba6 Qf5 16. Qc1 Bxf3 17. gxf3 Qxf3 18. Qd1 Qh3 19. f3 Nc4 20. Bxc4 dxc4 21. Rf2
Rxb2 22. Rg2 Nh5 23. Ne4 e5 24. Ng5 Qd7 25. Qc1 Rbb8 26. Qxc4 exd4 27. e4 1-0

[Event "Challenge"]
[Site "http://www.queenalice.com/game.php?id=204090"]
[Date "2007.4.29"]
[Round "-"]
[White "rupam"]
[Black "mescaline"]
[Result "1-0"]
[WhiteElo "1539"]
[BlackElo "1512"]

1. Nc3 Nf6 2. h3 d5 3. e3 e5 4. d3 Bb4 5. Bd2 c5 6. Nce2 Nc6 7. c3 Ba5 8. a3 b5
9. b4 Bb6 10. bxc5 Bxc5 11. d4 Bb6 12. dxe5 Nxe5 13. Nf4 O-O 14. Bxb5 Rb8 15.
Nf3 1-0